Chansons de PLK - Album Grand Garçon - Statistiques

Statistiques générales
  • Ce quiz a été pris 19 fois
  • Le résultat moyen est 11 sur 17
Statistiques - réponses
Ordre dans l'album Chansons % Correct
12 Tu dors ?
93%
02 Pocahontas
86%
13 Sac à dos
86%
08 Henri cimer
79%
10 Porte d'Orléans
79%
07 Sex Model
79%
11 Toi
79%
16 Bleu & rouge
71%
15 Wemby
64%
03 Business Class
57%
09 Le coeur des hommes
57%
06 Façon d'penser
50%
05 Sacré quotidien
43%
14 Plus j'avance
36%
01 Tu crois j'suis con ou quoi
36%
04 Jamie Bynoe-Gittens
29%
17 Pas comme eux
29%
Aucun quiz correspondant
Distribution des résultats
% des personnes avec chaque résultat
Percentile par nombre de réponses
Votre historique - résultats
Vous n’avez pas pris ce quiz